00898nam a2200265 a 450000100060000000300080000600500170001400800410003103500460007204000320011804100110015008200220016109000230018310000370020624500760024325000110031926000370033030000240036750000350039150000190042665000180044594200120046399900170047595201400049232298BD-RjUL20211209051820.0140424s1971 enk 000 0 eng d aOCLC 933292 from nreto023a(BD-RjUL)32387 aYNGcYNGdm/cdBD-RjULbeng0 aengjpn04a294.561bKAS 1971 aBL2220b.K35 1971b1 aKato, Genchi,d1873-1965.99795212aA study of Shinto :bthe religion of the Japanese nation /cGenchi Kato a2nd ed aLondon :bCurzon Press,cc 1971. aix, 250 p. ;c22 cm aFirst published in Tokyo, 1926 aIncludes index 0aShinto971566 2ddccBK c32298d32298 00102ddc4071aRUCLbRUCLcReadingd1979-04-26eJapan Foundationg0.00l0o294.561 KAS 1971r2014-04-24 00:00:00tC-1w2014-04-24yBK